000 00460nam a2200169 i 4500
001 44186
003 ES-MaACL
005 20250629063120.0
007 t|
008 030320s1971 sp ||||1| spa d
100 1 _aCid-Prat, José María
_938771
245 1 0 _aMar de piedras /
_cJosé Mª Cid Prat.
260 _aBarcelona :
_bPetronio,
_c[1971]
300 _a258 p. ;
_c21 cm.
852 _aES-MaACL
_jC-38953
_bR.77498
999 _c44186
_d44186